Statistics for How many times can you type POINTLESS in 30 seconds?

Click here to take the quiz!

General Stats

  • This quiz has been taken 157 times
    (153 since last reset)
  • The average score is 21 of 37

Answer Stats

Type% Correct
Pointless
100%
Pointless
97%
Pointless
95%
Pointless
95%
Pointless
95%
Pointless
95%
Pointless
94%
Pointless
91%
Pointless
90%
Pointless
86%
Pointless
81%
Pointless
74%
Pointless
70%
Pointless
62%
Pointless
58%
Pointless
56%
Pointless
47%
Pointless
45%
Pointless
43%
Pointless
40%
Pointless
36%
Pointless
34%
Pointless
34%
Pointless
34%
Pointless
32%
Pointless
32%
Pointless
32%
Pointless
32%
Pointless
32%
Pointless
31%
Pointless
30%
Pointless
30%
Pointless
30%
Pointless
30%
Pointless
30%
Pointless
30%
Pointless
30%

Score Distribution

Percentile by Number Answered

Percent of People with Each Score

Your Score History

You have not taken this quiz since the last reset